Pistes ski Les Rousses ( Jura ) - Statistiques

Statistiques générales
  • Ce quiz a été pris 6 fois
  • Le résultat moyen est 18 sur 33
Statistiques - réponses
Couleur Lieu Nom % Correct
Verte Dôle/Tuffes Darbella
100%
Bleue La Serra Serra
100%
Rouge La Serra Serra
100%
Rouge Dôle/Tuffes Balancier
80%
Verte Dôle/Tuffes Jouvencelles
80%
Bleue Dôle/Tuffes Baby chalet
60%
Verte Dôle/Tuffes Baby jouvencelles
60%
Verte Dôle/Tuffes Beauregard
60%
Rouge Dôle/Tuffes Competition
60%
Verte La Serra Dahut
60%
Rouge Dôle/Tuffes Devers des tuffes
60%
Rouge Dôle/Tuffes Franco-suisse
60%
Verte Dôle/Tuffes Gaston cottet
60%
Bleue Dôle/Tuffes La germine
60%
Rouge Dôle/Tuffes La petroule
60%
Rouge Dôle/Tuffes Les lesines
60%
Noire Dôle/Tuffes Les quatre murs
60%
Bleue Dôle/Tuffes Nathalie bouvier
60%
Noire Dôle/Tuffes Reculet dessus
60%
Noire Dôle/Tuffes Vincent gauthier manuel
60%
Bleue La Serra Auvernes
40%
Noire La Serra Auvernes
40%
Verte Dôle/Tuffes Baby jouvenceaux
40%
Verte Dôle/Tuffes Balcons de la dole
40%
Bleue Dôle/Tuffes Les combes
40%
Bleue Dôle/Tuffes Les tetras
40%
Verte La Serra Marmots
40%
Bleue Dôle/Tuffes Valdappes
40%
Verte Dôle/Tuffes Baby balancier
20%
Bleue Dôle/Tuffes Baby neiges
20%
Bleue Dôle/Tuffes Baby valdappes
20%
Rouge La Serra Muriel audrillon
20%
Bleue Dôle/Tuffes Baby reculet dessous
0%
Aucun quiz correspondant
Distribution des résultats
% des personnes avec chaque résultat
Percentile par nombre de réponses
Votre historique - résultats
Vous n’avez pas pris ce quiz